000 00575nam a2200181Ia 4500
008 090124s9999 xx 000 0 und d
082 _b32760
100 _aवकील सुप्रिया
245 _a फरासि प्रेमिक
250 _a1
260 _bनसरिन तसलिमा
_c2004
300 _a318
600 _aवकील सुप्रिया
630 _a फरासि प्रेमिक
700 _aवकील सुप्रिया
730 _a फरासि प्रेमिक
942 _cBOOK
999 _c179980
_d179980